| 000 | 00576nam a2200205 a 4500 | ||
|---|---|---|---|
| 005 | 20140310183152.0 | ||
| 008 | 021015s19uu xx 00 eng d | ||
| 020 | _a0071164189 | ||
| 050 |
_aHD 62.5 _b.H577 1999 |
||
| 100 | _aHisrich, Robert D. | ||
| 245 |
_aEntrepreneurship / _cRobert D. Hisrich. |
||
| 260 |
_aU.S.A : _bMcGraw-Hill Companies, Inc., _c1999. |
||
| 300 |
_a681 p. : _bill. ; _c260 p. : |
||
| 521 | _aBSBA | ||
| 650 | _aNew business enterprises | ||
| 650 | _aEntrepreneurship | ||
| 650 |
_aBusiness _xplanning |
||
| 942 |
_cBK _2lcc _kFOR |
||
| 999 |
_c19679 _d19679 |
||